00559nam a22001937a 450000500170000001000150001702000250003203500130005703700130007010000170008324500420010025000170014226000540015927000640021330000350027750000190031294200170033199900170034820130926113729.0 aENG-108544 a978812034823c350.00 aEN-92077 aDBAD/PUB aMarikani, A. aEngineering physics /cby A. Marikani a2nd edition. aNew DelhibSage Publications India Pvt. Ltdc2013 aB1/I-1 Mohan Cooperative Industrial AreabNew Delhie110044 axv, 490p. :bill.c22 cm (pbk) aIncludes index 2ddccENmMAR c79397d79397